[Event "I Miedzynarodowy Memorial Ireny Warakomskiej - Open A"]
[Site "Suwalki"]
[Date "2017-08-17"]
[Round "8.39"]
[White "Kumala, Aleksander "]
[Black "Chinguun, Sumiya "]
[Result "1/2-1/2"]
[WhiteTitle ""]
[BlackTitle ""]
[WhiteElo "2189"]
[BlackElo "2120"]

1. e4 c5 2. Nf3 e6 3. b3 Nf6 4. e5 Nd5 5. Bb2 Nc6 6. a4 Be7 7. Na3 O-O 8. g3 f6
9. Bg2 fxe5 10. Nxe5 Bf6 11. Nxc6 bxc6 12. Bxf6 Qxf6 13. O-O Ba6 14. d3 Qd4 15.
Qd2 Rf6 16. Rae1 Nb4 17. Nb5 Bxb5 18. axb5 Rc8 19. c3 Qxd3 20. Qxd3 Nxd3 21. Re3
c4 22. bxc4 Nc5 23. bxc6 dxc6 24. Ra1 Rc7 25. Ra5 Nd7 26. f4 c5 27. Rxe6 Rxe6
28. Bd5 Kf7 29. f5 Nf8 30. fxe6+ Nxe6 31. Ra6 Re7 32. Bxe6+ Rxe6 33. Rxa7+ Re7
34. Ra5 Re3 35. Rxc5 Rxc3 36. Kg2 Rc2+ 37. Kh3 h6 38. Rc7+ Kf6 39. c5 h5 40. g4
Rc3+ 41. Kg2 hxg4 42. c6 g6 43. Rc8 Kg7 44. Kf2 Kf6 45. Ke2 Kg5 46. c7 Rc6 47.
Kd3 Rc1 48. Ke4 Re1+ 49. Kd5 Rd1+ 50. Ke6 Re1+ 51. Kf7 Rf1+ 52. Kg7 Rc1 53. Kf8
Rf1+ 54. Kg7 1/2-1/2

[Event "I Miedzynarodowy Memorial Ireny Warakomskiej - Open A"]
[Site "Suwalki"]
[Date "2017-08-17"]
[Round "8.40"]
[White "Paprocki, Jaroslaw "]
[Black "Suliborski, Jakub"]
[Result "1/2-1/2"]
[WhiteTitle ""]
[BlackTitle ""]
[WhiteElo "2183"]
[BlackElo "2122"]

1. d4 Nf6 2. c4 e6 3. Nf3 c5 4. e3 Be7 5. a3 d6 6. Nc3 O-O 7. dxc5 dxc5 8. Qc2
Nc6 9. b3 a6 10. Bb2 Qc7 11. Bd3 Rd8 12. g4 Nxg4 13. Bxh7+ Kf8 14. Bd3 b5 15.
cxb5 Nce5 16. Nxe5 Nxe5 17. O-O-O Bb7 18. Be4 c4 19. b6 Qxb6 20. Na4 Nd3+ 21.
Bxd3 cxd3 22. Rxd3 Qc6 23. Rxd8+ Rxd8 24. Qxc6 Bxc6 25. Rg1 g6 26. Rg4 Bf3 27.
Rf4 Bd1 28. Rd4 Rxd4 29. Bxd4 Bxb3 30. Nc5 Bc4 31. Kc2 Bd6 32. f4 Ke7 33. a4 Bxc5
1/2-1/2

[Event "I Miedzynarodowy Memorial Ireny Warakomskiej - Open A"]
[Site "Suwalki"]
[Date "2017-08-17"]
[Round "8.41"]
[White "Stanisz, Patryk"]
[Black "Sliwicki, Damian "]
[Result "1-0"]
[WhiteTitle ""]
[BlackTitle ""]
[WhiteElo "2100"]
[BlackElo "2136"]

1. d4 Nf6 2. c4 g6 3. Nc3 d5 4. Nf3 Bg7 5. Qb3 dxc4 6. Qxc4 O-O 7. Bf4 Na6 8. e4
c5 9. dxc5 Be6 10. Qb5 Bd7 11. Qxb7 Nxc5 12. Qb4 Ne6 13. Be5 a5 14. Qa3 Qb6 15.
Nd5 Nxd5 16. exd5 Nd4 17. Bxd4 Bxd4 18. Nxd4 Qxd4 19. Be2 Rab8 20. O-O Rxb2 21.
Rad1 Qf6 22. Bf3 Rc8 23. Qxa5 Kg7 24. Rd2 Bb5 25. Re1 Rc4 26. Rxb2 Qxb2 27. h3
Ra4 28. Qc7 Rxa2 29. Qc5 Bd7 30. Rxe7 Ra1+ 31. Kh2 Bf5 32. d6 Rc1 33. Qa7 Rh1+
34. Kxh1 Qc1+ 35. Kh2 Qf4+ 36. g3 1-0

[Event "I Miedzynarodowy Memorial Ireny Warakomskiej - Open A"]
[Site "Suwalki"]
[Date "2017-08-17"]
[Round "8.42"]
[White "Puczylowski, Marcin"]
[Black "Khamidov, Komil"]
[Result "1-0"]
[WhiteTitle ""]
[BlackTitle ""]
[WhiteElo "2103"]
[BlackElo "2110"]

1. e4 e5 2. Nf3 Nc6 3. d4 exd4 4. Nxd4 Bb4+ 5. c3 Bc5 6. Be3 Bb6 7. Nxc6 bxc6 8.
Qf3 Qf6 9. Nd2 Qxf3 10. gxf3 Ne7 11. Rg1 Bxe3 12. fxe3 g6 13. O-O-O d6 14. f4
Be6 15. b3 f6 16. Nf3 Rf8 17. Nd4 Bd7 18. c4 a6 19. Rg3 c5 20. Ne2 Rf7 21. Nc3
Rd8 22. Be2 Kf8 23. h4 h6 24. Rdg1 Be6 25. Rxg6 Nxg6 26. Rxg6 c6 27. f5 Bd7 28.
Bh5 Ke7 29. Rxh6 Rg7 30. Bg6 a5 31. Ne2 a4 32. Nf4 a3 33. Nh5 Kf8 34. Nxg7 Kxg7
35. Rh7+ Kg8 36. Re7 d5 37. exd5 cxd5 38. cxd5 1-0

[Event "I Miedzynarodowy Memorial Ireny Warakomskiej - Open A"]
[Site "Suwalki"]
[Date "2017-08-18"]
[Round "9.1"]
[White "Krzyzanowski, Marcin "]
[Black "Bartel, Mateusz"]
[Result "0-1"]
[WhiteTitle ""]
[BlackTitle ""]
[WhiteElo "2464"]
[BlackElo "2608"]

1. e4 c5 2. Nf3 Nc6 3. d4 cxd4 4. Nxd4 Nf6 5. Nc3 d6 6. Bg5 e6 7. Qd2 a6 8. O-O-O
Be7 9. f4 Nxd4 10. Qxd4 b5 11. Bxf6 gxf6 12. e5 d5 13. Kb1 b4 14. Ne2 Bd7 15.
f5 fxe5 16. Qxe5 Bf6 17. Qe3 Bg7 18. g4 O-O 19. Nd4 exf5 20. Bg2 fxg4 21. Bxd5
Rc8 22. Rhf1 Kh8 23. Nf5 Bxf5 24. Rxf5 Rxc2 25. Kxc2 Qc8+ 26. Kb3 Qxf5 27. Bc4
a5 28. Rd2 Qg6 29. Qc5 Ra8 30. Ka4 f5 31. Rd6 Qe8+ 32. Bb5 Qf8 33. Qd5 f4 34.
Rd7 b3 35. a3 f3 36. Rf7 Qg8 37. h3 Rd8 38. Qh5 Rd4+ 39. Kxa5 Qd8+ 40. Ka6 Rd6+
0-1

[Event "I Miedzynarodowy Memorial Ireny Warakomskiej - Open A"]
[Site "Suwalki"]
[Date "2017-08-18"]
[Round "9.2"]
[White "Bilguun, Sumiya"]
[Black "Tomczak, Jacek "]
[Result "1-0"]
[WhiteTitle ""]
[BlackTitle ""]
[WhiteElo "2443"]
[BlackElo "2598"]

1. e4 e6 2. d4 d5 3. Nd2 Nf6 4. e5 Nfd7 5. c3 c5 6. f4 Nc6 7. Ndf3 Be7 8. Bd3 cxd4
9. cxd4 Qb6 10. Ne2 f6 11. a3 O-O 12. Qc2 h6 13. Nh4 fxe5 14. Bh7+ Kh8 15. Ng6+
Kxh7 16. Nxf8+ Kg8 17. Nxe6 exd4 18. Qg6 Bf6 19. Qe8+ Kh7 20. h4 Nd8 21. Ng5+
Bxg5 22. hxg5 Nc5 23. gxh6 Bf5 24. Qe7 Nde6 25. hxg7+ Kg6 26. g4 Bxg4 27. g8=Q+
1-0

[Event "I Miedzynarodowy Memorial Ireny Warakomskiej - Open A"]
[Site "Suwalki"]
[Date "2017-08-18"]
[Round "9.3"]
[White "Mastrovasilis, Dimitrios "]
[Black "Zakrzewski, Marek"]
[Result "1/2-1/2"]
[WhiteTitle ""]
[BlackTitle ""]
[WhiteElo "2596"]
[BlackElo "2237"]

1. e4 c5 2. Nf3 e6 3. d4 cxd4 4. Nxd4 Nc6 5. Nb5 d6 6. Bf4 e5 7. Be3 Nf6 8. Bg5
Be6 9. Bxf6 gxf6 10. Nd2 a6 11. Nc3 f5 12. Bc4 Qg5 13. g3 O-O-O 14. Bd5 Bh6 15.
Nb3 fxe4 16. Nxe4 Qg6 17. Bxc6 bxc6 18. Qe2 Kc7 19. O-O f5 20. Nec5 dxc5 21. Qxe5+
Kc8 22. Qxc5 Bd5 23. c4 Bf3 24. Nd4 Be4 25. Qb6 Rxd4 26. Qxa6+ Kb8 27. Qb6+ Kc8
28. Qxd4 Rd8 29. Qb6 Qh5 30. Qa6+ Kb8 31. Qb6+ Kc8 32. Qa6+ Kb8 1/2-1/2

[Event "I Miedzynarodowy Memorial Ireny Warakomskiej - Open A"]
[Site "Suwalki"]
[Date "2017-08-18"]
[Round "9.4"]
[White "Markowski, Tomasz"]
[Black "Sadzikowski, Daniel"]
[Result "1/2-1/2"]
[WhiteTitle ""]
[BlackTitle ""]
[WhiteElo "2552"]
[BlackElo "2594"]

1. d4 Nf6 2. Nf3 g6 3. e3 Bg7 4. Be2 O-O 5. O-O c5 6. dxc5 Na6 7. Bxa6 bxa6 8.
b3 Qc7 9. Bb2 a5 10. Bd4 Re8 11. Nbd2 e5 12. Bb2 Ba6 13. c4 Qxc5 14. Rc1 Bb7 15.
Nb1 Rad8 16. Ba3 Qc6 17. Qd6 Ne4 18. Qxc6 Bxc6 19. Nfd2 Nxd2 20. Nxd2 a4 21. Bd6
axb3 22. axb3 a5 23. Ra1 Ra8 24. Rfc1 Bf8 1/2-1/2

[Event "I Miedzynarodowy Memorial Ireny Warakomskiej - Open A"]
[Site "Suwalki"]
[Date "2017-08-18"]
[Round "9.5"]
[White "Czarnota, Pawel"]
[Black "Lewtak, Damian "]
[Result "1/2-1/2"]
[WhiteTitle ""]
[BlackTitle ""]
[WhiteElo "2577"]
[BlackElo "2344"]

1. e4 c5 2. Nf3 Nc6 3. d4 cxd4 4. Nxd4 Nf6 5. Nc3 e6 6. Nxc6 bxc6 7. e5 Nd5 8.
Ne4 Qc7 9. f4 Qb6 10. c4 Bb4+ 11. Ke2 Ba6 12. Kf3 f5 13. Nf2 Ne7 14. Be3 Bc5 15.
Bxc5 Qxc5 16. Qd6 Qxd6 17. exd6 Ng6 18. Re1 c5 19. h4 O-O 20. h5 Nh8 21. Nd3 Bxc4
22. Nxc5 Rac8 23. Nxd7 Bd5+ 24. Kg3 Rfd8 25. Ne5 Nf7 26. Ba6 Rb8 27. Nxf7 Kxf7
28. b3 Rxd6 29. Be2 Rc8 1/2-1/2

[Event "I Miedzynarodowy Memorial Ireny Warakomskiej - Open A"]
[Site "Suwalki"]
[Date "2017-08-18"]
[Round "9.6"]
[White "Zawadzka, Jolanta"]
[Black "Sandipan, Chanda "]
[Result "1/2-1/2"]
[WhiteTitle ""]
[BlackTitle ""]
[WhiteElo "2420"]
[BlackElo "2568"]

1. e4 g6 2. d4 Bg7 3. Nc3 c6 4. Nf3 d6 5. Be3 Nf6 6. Qd2 Ng4 7. Bg5 h6 8. Bh4 Nf6
9. h3 b5 10. Bd3 O-O 11. O-O g5 12. Bg3 Nbd7 13. e5 dxe5 14. Nxe5 Nxe5 15. Bxe5
Nd5 16. Bxg7 Kxg7 17. Nxd5 Qxd5 18. Qe3 Bf5 19. Bxf5 Qxf5 20. f4 g4 21. hxg4 Qxg4
22. Rf3 Kh7 23. Qxe7 Rae8 24. Qa3 Rg8 25. Rf2 Re4 26. Qxa7 Rxf4 27. Raf1 Rg7 28.
Qc5 Qg6 29. Qe5 Rg4 30. Qe2 f5 31. Rd1 Qh5 32. Rd2 Qh4 33. Qe5 f4 34. Rde2 Rf7
35. Qe6 Qh5 36. Re5 Rg5 37. Rxg5 hxg5 38. Rf3 g4 39. Qe4+ Qg6 40. Rxf4 Rxf4 41.
Qxf4 Qxc2 42. Qxg4 Qxb2 43. Qe4+ Kg7 44. Qe5+ Kf7 45. Qc7+ Kg8 46. Qb8+ Kf7 47.
Qa7+ Kf6 48. Qc5 Qb1+ 49. Kh2 Qh7+ 50. Kg3 Qd3+ 51. Kh4 Qe4+ 52. g4 Qe1+ 53. Kh3
Qe3+ 54. Kg2 Qe2+ 55. Kg3 Qe3+ 56. Kg2 1/2-1/2

[Event "I Miedzynarodowy Memorial Ireny Warakomskiej - Open A"]
[Site "Suwalki"]
[Date "2017-08-18"]
[Round "9.7"]
[White "Kveinys, Aloyzas "]
[Black "Mihok, Oliver"]
[Result "1/2-1/2"]
[WhiteTitle ""]
[BlackTitle ""]
[WhiteElo "2548"]
[BlackElo "2534"]

1. e4 c5 2. Nf3 e6 3. g3 Nc6 4. Bg2 Nf6 5. Qe2 e5 6. c3 Be7 7. O-O O-O 8. Na3 Re8
9. d3 h6 10. Nc4 Bf8 11. a4 d6 12. h3 Be6 13. Bd2 a6 14. Rfe1 b5 15. axb5 axb5
16. Ne3 Na5 17. Nf5 Nb3 18. Rxa8 Qxa8 19. g4 Nxd2 20. Qxd2 Qa2 21. Nh2 d5 22.
exd5 Bxd5 23. g5 Nh5 24. gxh6 g6 25. Be4 Bxe4 26. dxe4 Nf4 27. Ng4 Qe6 28. Nfe3
Nxh3+ 29. Kh2 Ng5 30. Kg2 Nxe4 31. Qd5 f5 32. f3 fxg4 33. fxe4 Bxh6 34. Nxg4 Bg7
35. Rd1 Kf7 36. Rf1+ 1/2-1/2

[Event "I Miedzynarodowy Memorial Ireny Warakomskiej - Open A"]
[Site "Suwalki"]
[Date "2017-08-18"]
[Round "9.8"]
[White "Warakomski, Tomasz "]
[Black "Cukrowski, Filip "]
[Result "1/2-1/2"]
[WhiteTitle ""]
[BlackTitle ""]
[WhiteElo "2536"]
[BlackElo "2413"]

1. e4 c5 2. Be2 Nc6 3. f4 e6 4. Nf3 d5 5. d3 dxe4 6. dxe4 Qxd1+ 7. Bxd1 Nf6 8.
Nc3 Be7 9. e5 Nd7 10. Ne4 O-O 11. c3 b5 12. Be2 Rb8 13. O-O f6 14. Nd6 fxe5 15.
Bxb5 Bxd6 16. Bxc6 e4 17. Ng5 Nf6 18. Nxe4 Nxe4 19. Bxe4 g5 20. g3 gxf4 21. gxf4
Bb7 22. Bxb7 Rxb7 23. Rf2 Rg7+ 24. Kf1 Rf5 25. Be3 Rg4 26. Ke2 Bxf4 27. h3 Rh4
28. Rg1+ Kf7 29. Rg4 Rxg4 30. hxg4 Bxe3 31. Kxe3 Rxf2 32. Kxf2 Kf6 33. Ke3 Ke5
34. b4 cxb4 35. cxb4 h6 36. Kd3 Kf4 37. a4 e5 38. b5 Kf3 39. Kd2 Kf2 40. Kd3 Kf3
1/2-1/2

[Event "I Miedzynarodowy Memorial Ireny Warakomskiej - Open A"]
[Site "Suwalki"]
[Date "2017-08-18"]
[Round "9.9"]
[White "Grib, Roman"]
[Black "Kanarek, Marcel"]
[Result "1/2-1/2"]
[WhiteTitle ""]
[BlackTitle ""]
[WhiteElo "2427"]
[BlackElo "2530"]

1. e4 c5 2. Nf3 e6 3. c4 Nc6 4. Nc3 e5 5. a3 d6 6. b4 cxb4 7. axb4 Nxb4 8. d4 a5
9. Ba3 Bd7 10. Be2 Nf6 11. O-O exd4 12. Nxd4 Be7 13. Qb3 O-O 14. Bxb4 axb4 15.
Rxa8 Qxa8 16. Qxb4 Re8 17. Rb1 Bc6 18. Nd5 Qa2 19. Bd3 Bxd5 20. cxd5 Bf8 21. Nc2
Qa7 22. Ne3 g6 23. h3 h5 24. g4 hxg4 25. hxg4 Bh6 26. Qxd6 Qd4 27. Rb4 Qxd3 28.
Qxf6 Bxe3 29. Rxb7 Rf8 30. fxe3 Qxe3+ 31. Kh2 Qxe4 32. Rd7 Qxg4 33. Rd8 Qe2+ 34.
Kg3 Qe3+ 35. Kg2 Qe2+ 36. Kg3 Qe1+ 37. Kg2 Qe2+ 38. Kg3 Qe3+ 39. Kg2 Qe2+ 40.
Kg3 Qe1+ 41. Kg2 Qd2+ 42. Kg3 Qd3+ 43. Kg2 Qc2+ 44. Kh3 Qb3+ 45. Kg2 Qc2+ 46.
Kh3 Qd3+ 47. Kg2 Qe4+ 48. Kg3 Qd3+ 49. Kg2 Qc2+ 50. Kh3 1/2-1/2

[Event "I Miedzynarodowy Memorial Ireny Warakomskiej - Open A"]
[Site "Suwalki"]
[Date "2017-08-18"]
[Round "9.10"]
[White "Leniart, Arkadiusz "]
[Black "Gleizerov, Evgeny"]
[Result "1/2-1/2"]
[WhiteTitle ""]
[BlackTitle ""]
[WhiteElo "2480"]
[BlackElo "2519"]

1. e4 e6 2. d4 d5 3. exd5 exd5 4. Nf3 Nf6 5. Bd3 Be7 6. O-O O-O 7. h3 c5 8. dxc5
Bxc5 9. Nbd2 Nc6 10. c3 Qd6 11. b4 Bb6 12. Nc4 1/2-1/2

[Event "I Miedzynarodowy Memorial Ireny Warakomskiej - Open A"]
[Site "Suwalki"]
[Date "2017-08-18"]
[Round "9.11"]
[White "Ulybin, Mikhail"]
[Black "Kashlinskaya, Alina"]
[Result "1-0"]
[WhiteTitle ""]
[BlackTitle ""]
[WhiteElo "2518"]
[BlackElo "2440"]

1. d4 Nf6 2. c4 g6 3. Nc3 d5 4. e3 Bg7 5. cxd5 Nxd5 6. Nxd5 Qxd5 7. Ne2 O-O 8.
Nc3 Qd6 9. Be2 Nd7 10. O-O c5 11. d5 e6 12. dxe6 Qxe6 13. Bf3 Nf6 14. Na4 Qf5
15. Qd6 c4 16. Nc5 Ng4 17. Qd5 Be5 18. h3 Nf6 19. Qxc4 Rd8 20. e4 Be6 21. Qc2
Bh2+ 22. Kxh2 Qe5+ 23. Kg1 Rac8 24. b4 Qxa1 25. Bb2 Qxa2 26. Ra1 Qc4 27. Qxc4
Bxc4 28. Bxf6 Rd6 29. e5 Rb6 30. Rxa7 Rxb4 31. Bxb7 Rb8 32. Bf3 R4b5 33. Nd7 Rc8
34. Bb7 Re8 35. Bc6 Rb1+ 36. Kh2 Bb5 37. Bd5 Rd1 38. Nb6 Rb8 39. Rxf7 Rxb6 40.
Rg7+ 1-0

[Event "I Miedzynarodowy Memorial Ireny Warakomskiej - Open A"]
[Site "Suwalki"]
[Date "2017-08-18"]
[Round "9.12"]
[White "Jakubowski, Krzysztof"]
[Black "Vetoshko, Volodymyr"]
[Result "1/2-1/2"]
[WhiteTitle ""]
[BlackTitle ""]
[WhiteElo "2515"]
[BlackElo "2517"]

1. d4 d5 2. c4 e6 3. Nc3 Nf6 4. Nf3 Be7 5. cxd5 exd5 6. Bg5 c6 7. Qc2 Nbd7 8. e3
O-O 9. Bd3 Re8 10. O-O Nf8 11. h3 Nh5 12. Bxe7 Qxe7 13. Rab1 a5 14. a3 Nf6 15.
Na4 Be6 16. Nc5 Rec8 17. Rfc1 b6 18. Nxe6 Nxe6 19. b4 axb4 20. Rxb4 Qc7 21. Qb1
Rxa3 22. Ne5 c5 23. Rxb6 Ra1 24. Qxa1 Qxb6 25. dxc5 Nxc5 26. Qa3 Qe6 27. Rxc5
Rxc5 28. Qxc5 Qxe5 1/2-1/2

[Event "I Miedzynarodowy Memorial Ireny Warakomskiej - Open A"]
[Site "Suwalki"]
[Date "2017-08-18"]
[Round "9.13"]
[White "Jarmula, Lukasz"]
[Black "Almasi, Istvan "]
[Result "1/2-1/2"]
[WhiteTitle ""]
[BlackTitle ""]
[WhiteElo "2457"]
[BlackElo "2408"]

1. e4 c5 2. Nf3 e6 3. d4 cxd4 4. Nxd4 Nc6 5. Nc3 Qc7 6. Be3 a6 7. Qf3 Bd6 8. O-O-O
Be5 9. g3 Nf6 10. Qe2 O-O 11. f4 Bxd4 12. Bxd4 Nxd4 13. Rxd4 e5 14. fxe5 Qxe5
15. Qd2 b5 16. Bg2 Bb7 17. Rf1 Rae8 18. Rf5 Qe7 19. e5 Bxg2 20. Qxg2 b4 21. Na4
Qe6 22. Qf2 Nd5 23. Nc5 Qh6+ 24. Qd2 Ne3 25. Rh4 Qg6 26. Rfh5 Nc4 27. Qxb4 Nxe5
28. Rxh7 Qg5+ 29. Qf4 Qxf4+ 30. gxf4 Ng6 31. R4h5 Re1+ 32. Kd2 Rfe8 33. f5 R8e2+
34. Kc3 Rc1 35. fxg6 fxg6 36. Rh8+ Kf7 37. Rd5 Rexc2+ 38. Kd4 Rc4+ 39. Ke3 Rxc5
40. Rxd7+ Ke6 41. Rxg7 Kf6 42. Rhg8 Re5+ 43. Kd4 Rd1+ 44. Kc3 Rc5+ 45. Kb3 Rb5+
46. Kc4 Rc1+ 47. Kd4 Rd1+ 48. Kc4 1/2-1/2

[Event "I Miedzynarodowy Memorial Ireny Warakomskiej - Open A"]
[Site "Suwalki"]
[Date "2017-08-18"]
[Round "9.14"]
[White "Barski, Radoslaw "]
[Black "Kaczmarek, Aleksander"]
[Result "1-0"]
[WhiteTitle ""]
[BlackTitle ""]
[WhiteElo "2444"]
[BlackElo "2368"]

1. e4 c6 2. d4 d5 3. e5 c5 4. dxc5 e6 5. Qg4 Ne7 6. Nf3 Nbc6 7. Bd3 Ng6 8. Qg3
Bxc5 9. O-O Bd7 10. Nbd2 Nb4 11. Nb3 Nxd3 12. cxd3 Be7 13. Be3 b6 14. Nbd4 Rc8
15. Rfe1 O-O 16. Bg5 Bxg5 17. Nxg5 Qe7 18. a3 Rc5 19. h4 h6 20. Ngf3 Rfc8 21.
h5 Nf8 22. Qf4 Nh7 23. Rad1 Ra5 24. Rc1 Rcc5 25. Qd2 Ra4 26. b4 Rxc1 27. Qxc1
a5 28. Qc7 axb4 29. axb4 Ng5 30. Nxg5 hxg5 31. Nc6 Qe8 32. b5 Rh4 33. g3 Ra4 34.
Qxb6 Ra3 35. Qc5 Rxd3 36. Rb1 d4 37. Ne7+ Kh8 38. b6 Bc6 39. Qxc6 Qxe7 40. b7
1-0

[Event "I Miedzynarodowy Memorial Ireny Warakomskiej - Open A"]
[Site "Suwalki"]
[Date "2017-08-18"]
[Round "9.15"]
[White "Molenda, Marcin"]
[Black "Nowak, Lukasz"]
[Result "1/2-1/2"]
[WhiteTitle ""]
[BlackTitle ""]
[WhiteElo "2420"]
[BlackElo "2307"]

1. d4 Nf6 2. Nf3 g6 3. g3 Bg7 4. Bg2 O-O 5. O-O d6 6. c4 Nc6 7. Nc3 e5 8. dxe5
dxe5 9. Bg5 Be6 10. Qa4 Qb8 11. Bxf6 Bxf6 12. Nd2 Be7 13. Nd5 f5 14. Nxe7+ Nxe7
15. Qb4 Re8 16. Qc3 Nc6 17. Bxc6 bxc6 18. Nf3 e4 19. Ne5 Qb6 20. Rfd1 Rad8 21.
h4 c5 22. h5 Qb4 23. Qxb4 cxb4 24. hxg6 hxg6 25. b3 Kg7 26. Nc6 Rxd1+ 27. Rxd1
a5 28. Nxa5 Ra8 29. Nc6 Rxa2 30. Nxb4 Rb2 31. Nc6 Rxb3 32. Nd4 Rb6 33. Nxe6+ Rxe6
34. Rd7+ Kf6 35. Rxc7 Ra6 36. Kg2 Ra2 37. e3 Rc2 38. g4 Kg5 39. gxf5 gxf5 40.
Kg3 Rc3 41. Rc5 Rc2 42. Rc8 Rc3 43. Kg2 f4 44. Rg8+ Kh4 45. exf4 Rxc4 46. Kf1
Rc3 47. Rg3 Rf3 48. Ke2 Rxf4 49. Ke3 Rf8 50. Rg2 Kh3 51. Rg7 Rf3+ 52. Ke2 Kh4
53. Re7 1/2-1/2

[Event "I Miedzynarodowy Memorial Ireny Warakomskiej - Open A"]
[Site "Suwalki"]
[Date "2017-08-18"]
[Round "9.20"]
[White "Mucha, Piotr "]
[Black "Goluch, Piotr"]
[Result "1/2-1/2"]
[WhiteTitle ""]
[BlackTitle ""]
[WhiteElo "2155"]
[BlackElo "2360"]

1. e4 c5 2. Nc3 Nc6 3. f4 g6 4. Bb5 Nd4 5. Nf3 Bg7 6. Nxd4 cxd4 7. Ne2 Qb6 8. Bd3
Nf6 9. O-O Nxe4 10. Bxe4 d3+ 11. Kh1 dxe2 12. Qxe2 O-O 13. f5 Qc5 14. c3 d6 15.
d4 Qc7 16. Bg5 Bxf5 17. Bxf5 gxf5 18. Rxf5 Rae8 19. Raf1 f6 20. Qe6+ Kh8 21. Be3
Qc8 22. Qe4 Qc4 23. R1f3 Qe2 24. h3 Bh6 25. Rh5 Rg8 26. g4 Rg6 27. Rg3 d5 28.
Qg2 Qe1+ 29. Qg1 Qxg1+ 30. Kxg1 Bg5 31. Bxg5 fxg5 32. Re3 e6 33. Kg2 Kg7 34. h4
gxh4 35. Rxd5 Rxg4+ 36. Kh3 Rf4 37. Rd7+ Rf7 38. Rxf7+ Kxf7 39. Re4 Kf6 40. Rxh4
Re7 41. Kg4 e5 42. d5 Kg6 43. Kf3 Kg5 44. Rh1 e4+ 45. Ke3 h5 46. c4 h4 47. d6
Rh7 48. Kxe4 Kf6 49. Kf4 Ke6 50. c5 Kd5 51. b4 a5 1/2-1/2

[Event "I Miedzynarodowy Memorial Ireny Warakomskiej - Open A"]
[Site "Suwalki"]
[Date "2017-08-18"]
[Round "9.23"]
[White "Wisniewski, Michal "]
[Black "Koziol, Kamil"]
[Result "1/2-1/2"]
[WhiteTitle ""]
[BlackTitle ""]
[WhiteElo "2180"]
[BlackElo "2321"]

1. c4 e6 2. g3 Nf6 3. Bg2 d5 4. Nf3 dxc4 5. O-O Be7 6. Qa4+ Bd7 7. Qxc4 c5 8. Ne5
Qc8 9. d3 Nc6 10. Nxd7 Qxd7 11. Nc3 Rc8 12. a4 b6 13. Bd2 O-O 14. Rfc1 Na5 15.
Qb5 Qxb5 16. axb5 Nb3 17. Rxa7 Nxc1 18. Bxc1 Bd6 19. b3 Be5 20. Na4 Rb8 21. Ra6
Nd5 22. Bxd5 exd5 23. Nxb6 Rfd8 24. Ba3 Bd6 25. d4 cxd4 26. Nd7 Rxd7 27. Bxd6
Rc8 28. Bc5 f6 29. b4 d3 30. exd3 Rb8 31. b6 Kf7 32. Ra7 Ke6 33. f4 Rbb7 34. Ra8
g5 35. fxg5 fxg5 36. Re8+ Kf5 37. d4 Kg6 38. g4 Rf7 39. Re6+ Rf6 40. Re5 Rfxb6
41. Rxd5 Rxb4 42. Rd6+ Kg7 43. Kg2 Rb2+ 44. Kf3 Rxh2 45. d5 h5 46. gxh5 Rxh5 47.
Kg4 Rh1 48. Kxg5 Kf7 49. Kf5 Ke7 50. Ra6+ Kd7 51. Ke5 Re1+ 1/2-1/2

[Event "I Miedzynarodowy Memorial Ireny Warakomskiej - Open A"]
[Site "Suwalki"]
[Date "2017-08-18"]
[Round "9.24"]
[White "Paszewski, Mateusz "]
[Black "Sliwicki, Damian "]
[Result "1-0"]
[WhiteTitle ""]
[BlackTitle ""]
[WhiteElo "2321"]
[BlackElo "2136"]

1. e4 c5 2. Nf3 Nc6 3. Bb5 g6 4. Bxc6 dxc6 5. d3 Bg7 6. h3 b6 7. O-O Nf6 8. Nc3
O-O 9. Be3 Qc7 10. Qc1 e5 11. Bh6 Re8 12. Bxg7 Kxg7 13. Nh2 Nh5 14. Ne2 Nf4 15.
Qe3 f5 16. exf5 Nxe2+ 17. Qxe2 Bxf5 18. g4 Be6 19. Rae1 Bd5 20. c4 Bf7 21. Nf3
e4 22. dxe4 Qf4 23. b3 Rad8 24. Kg2 h6 25. Qe3 Qxe3 26. Rxe3 g5 27. h4 Kg6 28.
hxg5 hxg5 29. Rh1 Re6 30. Rh5 Kf6 31. Rxg5 Bg6 32. e5+ Kf7 33. Nh4 Bb1 34. Nf5
Rd4 35. Nd6+ Rdxd6 36. exd6 Rxd6 37. f4 Bxa2 38. Rge5 a5 39. g5 a4 40. bxa4 Bxc4
41. f5 Rd2+ 42. Kg3 Bd5 43. Re7+ Kf8 44. f6 c4 45. Re8+ Kf7 46. R3e7+ Kg6 47.
Rg7+ Kf5 48. f7 Bxf7 49. Rxf7+ Kxg5 50. Rg8+ Kh6 51. Rf6+ Kh7 52. Rb8 c5 53. Rb7+
Kg8 54. Rfxb6 c3 55. Rc6 Rd6 56. Rc8+ 1-0

[Event "I Miedzynarodowy Memorial Ireny Warakomskiej - Open A"]
[Site "Suwalki"]
[Date "2017-08-18"]
[Round "9.25"]
[White "Tomaszewski, Kacper"]
[Black "Bartel, Marta"]
[Result "1-0"]
[WhiteTitle ""]
[BlackTitle ""]
[WhiteElo "2203"]
[BlackElo "2313"]

1. d4 f5 2. g3 Nf6 3. Bg2 g6 4. Nf3 Bg7 5. O-O O-O 6. c4 c6 7. Nc3 d6 8. b4 Na6
9. Qb3 Kh8 10. a4 c5 11. b5 Nc7 12. Rd1 Qe8 13. Bb2 e5 14. dxe5 dxe5 15. Nd5 Ncxd5
16. cxd5 Ne4 17. Rac1 b6 18. Ne1 Nd6 19. f4 exf4 20. Bxg7+ Kxg7 21. gxf4 Qxe2
22. Nf3 Qe7 23. Ng5 Bd7 24. Re1 Qf6 25. Ne6+ Bxe6 26. dxe6 Rae8 27. Rcd1 c4 28.
Qb4 Ne4 29. Bxe4 fxe4 30. Rd7+ Kh6 31. Rxe4 c3 32. Re3 Qxf4 33. Rh3+ Kg5 34. Rd5+
Rf5 35. Rxf5+ Kxf5 36. Qxc3 Kg5 37. Rf3 Rc8 38. Rg3+ Kf5 39. Qd3+ Kxe6 40. Re3+
Kf6 41. Rf3 1-0

[Event "I Miedzynarodowy Memorial Ireny Warakomskiej - Open A"]
[Site "Suwalki"]
[Date "2017-08-18"]
[Round "9.26"]
[White "Bednarek, Sylwester"]
[Black "Bukojemski, Adam "]
[Result "1-0"]
[WhiteTitle ""]
[BlackTitle ""]
[WhiteElo "2308"]
[BlackElo "2183"]

1. d4 g6 2. e4 Bg7 3. Nf3 c5 4. d5 b5 5. d6 Bb7 6. Nbd2 a6 7. c4 exd6 8. cxb5 axb5
9. Bxb5 Nf6 10. O-O O-O 11. a4 d5 12. exd5 Bxd5 13. Ra3 Na6 14. Re1 Nc7 15. Bf1
Ne6 16. Nc4 Qc7 17. g3 Bb7 18. a5 d5 19. Nb6 Rxa5 20. Rxa5 Qxb6 21. Qa4 Ne4 22.
Rb5 Qc6 23. Qa7 Ba8 24. Rb6 Qc8 25. Bh3 Qd8 26. Re2 d4 27. Bg2 d3 28. Re1 c4 29.
Be3 Nd4 30. Nxd4 Bxd4 31. Bxd4 Nxg3 32. hxg3 Bxg2 33. Kxg2 Qd5+ 34. Kg1 d2 35.
Rd1 Qe4 36. Bc3 1-0

[Event "I Miedzynarodowy Memorial Ireny Warakomskiej - Open A"]
[Site "Suwalki"]
[Date "2017-08-18"]
[Round "9.27"]
[White "Walkusz, Witoslaw"]
[Black "Dzierzak, Radoslaw "]
[Result "0-1"]
[WhiteTitle ""]
[BlackTitle ""]
[WhiteElo "2115"]
[BlackElo "2276"]

1. e4 c6 2. d3 d5 3. Nd2 e5 4. Ngf3 Bd6 5. d4 exd4 6. exd5 Nf6 7. dxc6 Nxc6 8.
Bb5 O-O 9. O-O Qc7 10. h3 Rd8 11. Nb3 a6 12. Bxc6 bxc6 13. Bd2 a5 14. Nbxd4 Rb8
15. Qc1 Ne4 16. Nb3 Nxd2 17. Nbxd2 Bf4 18. Rd1 Bf5 19. Qb1 Rd5 20. Nc4 Be4 21.
Ne1 Rbd8 22. Rxd5 cxd5 23. Na3 Qb6 24. Kf1 Be5 25. Nd3 Bxd3+ 26. cxd3 Bxb2 27.
Nc2 Rb8 28. a3 Bxa1 29. Qxa1 Qb2 30. Qxb2 Rxb2 31. Ne3 Rd2 32. Ke1 Rxd3 33. Nc2
Kf8 0-1

[Event "I Miedzynarodowy Memorial Ireny Warakomskiej - Open A"]
[Site "Suwalki"]
[Date "2017-08-18"]
[Round "9.28"]
[White "Bugalski, Michal "]
[Black "Czajkowski, Adam "]
[Result "1-0"]
[WhiteTitle ""]
[BlackTitle ""]
[WhiteElo "2250"]
[BlackElo "2223"]

1. e4 c5 2. c3 d6 3. d4 Nf6 4. f3 Qc7 5. Be3 g6 6. Qd2 Bg7 7. Ne2 e5 8. Na3 O-O
9. dxc5 dxc5 10. Nb5 Qb6 11. Nc1 Na6 12. Nb3 Rd8 13. Qf2 Qc6 14. Nxc5 Nxc5 15.
Bxc5 Bh6 16. Be3 Nxe4 17. Qh4 Bxe3 18. Qxd8+ Kg7 19. fxe4 Qxe4 20. Be2 Bh3 21.
Qd3 Qxg2 22. Rf1 Qg5 23. Rf3 Qh4+ 24. Kd1 Rd8 25. Nd6 e4 26. Rxh3 Qxh3 27. Nf5+
gxf5 28. Qxd8 Qxh2 29. Rb1 f4 30. Qg5+ Kf8 31. Qd8+ Kg7 32. Qg5+ Kf8 33. Qh5 Qf2
34. Qxh7 f3 35. Qh8+ Ke7 36. Qe5+ Kf8 37. Qd6+ Kg7 38. Bc4 Bg5 39. Qd4+ 1-0